Empieza con el porqué : cómo los grandes líderes motivan a actuar /

Guardado en:
Autor Principal: Sinek, Simon.
Formato: Libro
Idioma:Spanish
Publicado: Madrid : Urano, 2018.
Edición:1a. ed.
Series:Gestión del conocimiento.
Materias:
Etiquetas: Agregar Etiqueta
Sin Etiquetas, Sea el primero en etiquetar este registro!
LEADER 00840nam a22002535a 4500
001 EAD.ead004569
008 220812s2018####sp#######b####000#0#spa#d
005 20220816132645.0
245 1 0 |a Empieza con el porqué :  |b cómo los grandes líderes motivan a actuar /  |c Simon Sinek. 
250 |a 1a. ed. 
260 |a Madrid :  |b Urano,  |c 2018. 
300 |a 261 p. ;  |c 23 cm. 
490 1 |a Gestión del conocimiento. 
500 |a "Nueva edición de un clásico"--Tapa. 
500 |a "Empresa activa"--Tapa. 
504 |a Incluye referencias bibliográficas. 
020 |a 9788492921881 
100 1 |a Sinek, Simon. 
830 0 |a Gestión del conocimiento. 
082 0 4 |a 658.314  |2 21 
650 7 |a Motivación.  |2 unbist 
650 7 |a Liderazgo.  |2 unbist 
653 |a Lectura recreativa 
859 |a AR-BaBDC  |b BIB. ADMINISTRACION - Libros  |h 658.314  |i Si63  |p b07219